[Event "EU-ch (Women) 6th"]
[Site "Kishinev"]
[Date "2005.06.11"]
[Round "1"]
[White "Sebag, Marie"]
[Black "Hamelink, Desiree"]
[Result "1-0"]
[WhiteElo "2417"]
[BlackElo "2244"]
[PlyCount "67"]
[EventDate "2005.06.11"]
[EventType "swiss"]
[EventRounds "12"]
[EventCountry "MDA"]
[SourceTitle "CBM 106 Extra"]
[Source "ChessBase"]
[SourceDate "2005.07.01"]
[SourceVersion "1"]
[SourceVersionDate "2005.07.01"]
[SourceQuality "1"]

1. e4 c5 2. c3 d5 3. exd5 Qxd5 4. d4 Nc6 5. Nf3 Bg4 6. Be2 cxd4 7. cxd4 e6 8. Nc3 Qd8 9. 0-0 Nf6 10. Be3 Be7 11. h3 Bh5 12. a3 0-0 13. Rc1 a6 14. Qb3 Qd7 15. Rfd1 Nd5 16. Nxd5 exd5 17. g4 Bg6 18. Ne5 Nxe5 19. dxe5 Rac8 20. Qxd5 Qxd5 21. Rxd5 Rxc1+ 22. Bxc1 Be4 23. Rd7 Bc5 24. Be3 Bxe3 25. fxe3 h5 26. Bc4 hxg4 27. hxg4 b5 28. Bb3 Bg6 29. Rd6 Kh7 30. Rxa6 Re8 31. e6 fxe6 32. Rb6 Bd3 33. Bxe6 Rf8 34. Rd6 1-0

[Event "BCF-chT 0405 (4NCL)"]
[Site "West Bromwich"]
[Date "2005.05.02"]
[Round "11.4"]
[White "Hamelink, Desiree"]
[Black "Williams, Simon Kim"]
[Result "1-0"]
[WhiteElo "2249"]
[BlackElo "2466"]
[PlyCount "79"]
[EventDate "2004.09.18"]
[EventType "team"]
[EventRounds "11"]
[EventCountry "ENG"]
[SourceTitle "EXT 2006"]
[Source "ChessBase"]
[SourceDate "2005.11.24"]
[SourceVersion "1"]
[SourceVersionDate "2005.11.24"]
[SourceQuality "1"]
[WhiteTeam "Numerica 3CS"]
[BlackTeam "BET"]
[WhiteTeamCountry "ENG"]
[BlackTeamCountry "ENG"]

1. e4 e6 2. d4 d5 3. Nd2 Nf6 4. e5 Nfd7 5. Bd3 c5 6. c3 Nc6 7. Ngf3 Be7 8. 0-0 a5 9. a4 h5 10. Re1 cxd4 11. cxd4 g5 12. Nb3 g4 13. Nfd2 Qb6 14. Bb5 Nxd4 15. Nc4 Nf3+ 16. gxf3 dxc4 17. Nd2 Qc7 18. Nxc4 Kf8 19. Bf4 Nc5 20. fxg4 b6 21. Nd6 Bb7 22. Qc1 Rh7 23. Ra3 hxg4 24. Nxb7 Qxb7 25. Rg3 Kg8 26. Rxg4+ Kh8 27. Bg3 Rd8 28. Rd1 Rg8 29. Rxg8+ Kxg8 30. Rd4 Rg7 31. Qd1 f5 32. exf6 Bxf6 33. Rg4 Qe7 34. Rxg7+ Bxg7 35. Qg4 Qf6 36. Bc7 e5 37. Bc4+ Kh7 38. Qh5+ Qh6 39. Qxh6+ Kxh6 40. b3 1-0

[Event "BCF-chT 0405 (4NCL)"]
[Site "West Bromwich"]
[Date "2005.05.01"]
[Round "10.4"]
[White "Quinn, Mark"]
[Black "Hamelink, Desiree"]
[Result "0-1"]
[WhiteElo "2395"]
[BlackElo "2249"]
[PlyCount "72"]
[EventDate "2004.09.18"]
[EventType "team"]
[EventRounds "11"]
[EventCountry "ENG"]
[SourceTitle "EXT 2006"]
[Source "ChessBase"]
[SourceDate "2005.11.24"]
[SourceVersion "1"]
[SourceVersionDate "2005.11.24"]
[SourceQuality "1"]
[WhiteTeam "Richmond"]
[BlackTeam "Numerica 3CS"]
[WhiteTeamCountry "ENG"]
[BlackTeamCountry "ENG"]

1. d4 d5 2. Nf3 c6 3. c4 Nf6 4. Qb3 dxc4 5. Qxc4 Bf5 6. g3 e6 7. Bg2 Be7 8. 0-0 Nbd7 9. Rd1 0-0 10. e3 Rc8 11. Nc3 b5 12. Qe2 b4 13. Na4 Qa5 14. b3 c5 15. Ne5 cxd4 16. Nc6 Rxc6 17. Bxc6 d3 18. Qf1 Nc5 19. Qg2 Nxa4 20. bxa4 Qe5 21. Bd2 Be4 22. Bxe4 Nxe4 23. Rac1 Rd8 24. Rc4 Nc3 25. f4 Qf6 26. Bxc3 bxc3 27. Qc6 c2 28. Rxc2 dxc2 29. Rxd8+ Bf8 30. Rc8 Qa1+ 31. Kg2 Qe1 32. Qxc2 Qxe3 33. a5 h5 34. Qf2 Qe4+ 35. Qf3 Qb4 36. Qxh5 Qb7+ 0-1

[Event "BCF-chT 0405 (4NCL)"]
[Site "West Bromwich"]
[Date "2005.04.30"]
[Round "9.4"]
[White "Hamelink, Desiree"]
[Black "Trent, Lawrence"]
[Result "0-1"]
[WhiteElo "2249"]
[BlackElo "2387"]
[PlyCount "82"]
[EventDate "2004.09.18"]
[EventType "team"]
[EventRounds "11"]
[EventCountry "ENG"]
[SourceTitle "EXT 2006"]
[Source "ChessBase"]
[SourceDate "2005.11.24"]
[SourceVersion "1"]
[SourceVersionDate "2005.11.24"]
[SourceQuality "1"]
[WhiteTeam "Numerica 3CS"]
[BlackTeam "Micro Mark NWE"]
[WhiteTeamCountry "ENG"]
[BlackTeamCountry "ENG"]

1. e4 e5 2. d4 exd4 3. Nf3 Nc6 4. Nxd4 Qh4 5. Nc3 Bb4 6. Ndb5 Ba5 7. Bd3 a6 8. Na3 b5 9. Nab1 Nf6 10. Nd2 d6 11. Nf3 Qh5 12. Bd2 Bg4 13. Nb1 Bb6 14. Bc3 Ne5 15. Nbd2 0-0 16. Be2 Nxf3+ 17. Bxf3 Bxf3 18. Qxf3 Qxf3 19. gxf3 Nh5 20. Rg1 g6 21. Kf1 f5 22. e5 dxe5 23. Bxe5 Rad8 24. Nb3 Rfe8 25. f4 c5 26. c3 Kf7 27. a4 b4 28. a5 Ba7 29. h4 Rd3 30. Kg2 c4 31. Nd4 bxc3 32. bxc3 Bb8 33. Bxb8 Rxb8 34. Ne2 Rb2 35. Rge1 Rxe2 36. Rxe2 Nxf4+ 37. Kf1 Nxe2 38. Kxe2 Rxc3 39. Ra4 Ke6 40. Rb4 Kd5 41. h5 Rb3 0-1

[Event "Hoogeveen Essent op"]
[Site "Hoogeveen"]
[Date "2004.10.21"]
[Round "7"]
[White "Markus, John Raymond"]
[Black "Hamelink, Desiree"]
[Result "0-1"]
[WhiteElo "2219"]
[BlackElo "2227"]
[PlyCount "66"]
[EventDate "2004.10.15"]
[EventType "swiss"]
[EventRounds "9"]
[EventCountry "NED"]
[SourceTitle "CBM 102 Extra"]
[Source "ChessBase"]
[SourceDate "2004.11.03"]
[SourceVersion "1"]
[SourceVersionDate "2004.11.03"]
[SourceQuality "1"]

1. d4 d5 2. Nf3 Nf6 3. e3 c6 4. c4 a6 5. a4 Bg4 6. h3 Bh5 7. Nc3 e6 8. g4 Bg6 9. Ne5 Nbd7 10. h4 dxc4 11. Nxc4 h6 12. Bg2 Bb4 13. a5 Qc7 14. h5 Bh7 15. 0-0 0-0 16. f4 Nd5 17. e4 Nxc3 18. bxc3 Bxc3 19. Ra3 Bb4 20. Rb3 Bxa5 21. g5 Kh8 22. gxh6 gxh6 23. d5 cxd5 24. Nxa5 Qxa5 25. Rxb7 Qc5+ 26. Kh1 Qc6 27. Bb2+ f6 28. Qb3 Nc5 29. Rxh7+ Kxh7 30. Qg3 Rg8 31. Qh4 Nxe4 32. Bxe4+ dxe4 33. Rc1 Qb7 0-1

[Event "Dieren op"]
[Site "Dieren"]
[Date "2004.08.03"]
[Round "7"]
[White "Hofland, Leonhard"]
[Black "Hamelink, Desiree"]
[Result "1/2-1/2"]
[WhiteElo "2305"]
[BlackElo "2219"]
[PlyCount "36"]
[EventDate "2004.07.27"]
[EventType "swiss"]
[EventRounds "9"]
[EventCountry "NED"]
[SourceTitle "CBM 101 Extra"]
[Source "ChessBase"]
[SourceDate "2004.09.01"]
[SourceVersion "2"]
[SourceVersionDate "2004.09.01"]
[SourceQuality "1"]

1. e4 c5 2. Nc3 d6 3. g3 Nc6 4. Bg2 g6 5. d3 Bg7 6. Be3 e6 7. Qd2 Nd4 8. Nce2 Ne7 9. c3 Nxe2 10. Nxe2 0-0 11. Bh6 d5 12. Bxg7 Kxg7 13. e5 f6 14. exf6+ Rxf6 15. d4 b6 16. 0-0 Ba6 17. Rfe1 Qd6 18. f4 Nc6 1/2-1/2